| 000 | 00000nam##2200000za#4500 |
| 001 | 9.668850 |
| 003 | CaOODSP |
| 005 | 20210615124437 |
| 007 | ta |
| 008 | 150407|2007||||xxc||||| f|0| 0 fre|d |
| 020 | |a978-0-662-69859-3 |
| 040 | |aCaOODSP|bfre |
| 041 | |aeng |
| 041 | |afre |
| 043 | |an-cn--- |
| 086 | 1 |aFs23-519/2006 |
| 110 | 1 |aCanada. |bMinistère des pêches et des océans. |
| 245 | 10|aPêches et Océans Canada - cadre intégré des politiques autochtones, 2006-2010 |
| 260 | |aOttawa - Ontario : |bPêches et Océans Canada |c2007. |
| 300 | |aTexte français, ii, 25p. : |bphotographies ; |c28 cm. |
| 520 | 3 |aCette brochure renferme les lignes directrices visant à aider les employés du ministère des Pêches et des Océans à renouveler les politiques et programmes autochtones sur la gestion et la protection des ressources aquatiques. Elle fournit une orientation stratégique et présente des principes directeurs et des stratégies, les intérêts et aspirations des Autochtones, des utilisateurs de la ressource et du gouvernement ainsi que les défis et possibilités. Les annexes présentent un plan d’action, les politiques et la gouvernance autochtones, les intérêts autochtones et les démarches sectorielles pour tenir compte de ces intérêts. |
| 563 | |aCouverture souple |
| 590 | |a07-48|b2007-11-30 |
| 691 | 07|aAutochtones|2gcpds |
| 691 | 07|aPolitique des pêches|2gcpds |
| 776 | 0#|tCadre intégré des politiques autochtones 2006-2010 |w(CaOODSP)9.634242 |
| 776 | 0#|tAn integrated aboriginal policy framework 2006-2010 |w(CaOODSP)9.689865 |
| 791 | |tFisheries and Oceans Canada - an integrated aboriginal policy framework, 2006-2010 |eeng|w(CaOODSP)9.668849 |
| 986 | |aMPO/2007-1239 |